01276nam a22002657a 4500003000900000005001700009008004100026020001800067040002500085082001600110100005200126245009400178260005100272300002800323500007200351504003000423590002700453590006800480910001400548942001400562952015300576952013200729952013200861999001700993DO-SdBNP20220511121418.0110301s2020 dr d 000 0 spa d a9789945922691 aDO-SdBNPbspacBNPHU 4axxxxbT233n1 aTaveras Jiménez, Carmen Josefina953018eDra.10aNutrición deportiva orientada al fisicoculturismo /cCarmen Josefina Taveras Jiménez  aSanto Domingo :bBien-etre media group,c2020. a248 p. :bgraf.c23 cm. aIncluye datos biográficos del autor en la solapa de la portada.  aBibliografía p: 232-244 aInventariado, 2022/ YL aLa biblioteca posee un (1) ejemplar autografiado por la autora. aYLockward 2ddccLBS1 00102ddc53708PDaBNPHUbBNPHUcCTd2022-03-25eCarmen Taverasoxxxx T233np2022-1980r2022-05-11w2022-05-11yLBS1zAutografiado por la autora.  00102ddc53708PDaBNPHUbBNPHUcCTd2022-03-25eCarmen Taverasl0oxxxx T233np2022-1981r2022-05-11te. 2w2022-05-11yLBS1 00102ddc56708PDaBNPHUbBNPHUcCTd2022-03-25eCarmen Taverasl0oxxxx T233np2022-1982r2022-05-11te. 3w2022-05-11yLBS1 c51697d51697